| 000 | 01385nam a2200325 i 4500 | ||
|---|---|---|---|
| 003 | EG-GICUC | ||
| 005 | 20260324134627.0 | ||
| 008 | 260225s1985 ua ||||fr|||| 00| 0 ara d | ||
| 040 |
_a EG-GICUC _bara _c EG-GICUC _d EG-GICUC _erda |
||
| 041 | 0 | _aara | |
| 082 | 0 | 4 |
_221 _a343.38062 _bح س . م |
| 092 | 0 | 4 | _221 |
| 099 | _aLaw1 10 343.38062 ح س . م 1985 | ||
| 100 | 0 |
_aحسن الفكهاني _eمؤلف. |
|
| 245 | 1 | 2 |
_aالموسوعة الذهبية للقواعد القانونية التي قررتها محكمة النقض المصرية التى أقرتها محكمة النقض المصرية منذ عام 1992 حتى عام 1997. _nملحق رقم 9 * _cتأليف المستشار حسن الفكهاني. |
| 250 | _bالاصدار الجنائى | ||
| 264 | 1 |
_aالقاهرة : _bالدار العربية للموسوعات، _c[1985]. |
|
| 300 |
_a850 ؛صفحة _c24 سم. |
||
| 336 |
_2rda content _atext |
||
| 337 |
_2rda media _aComputer |
||
| 338 |
_2rda carrier _aOnline Resource |
||
| 504 | _a. 836-831 ببليوجرافيا: صفحات. | ||
| 546 | _aالنص باللغة العربية | ||
| 650 | 1 | 4 |
_aالأحكام الجنائية _2qrmak |
| 650 | 1 | 4 |
_aالقانون الجنائي _yمصر _2qrmak |
| 651 | 1 | _2qrmak | |
| 856 | 4 | 0 | _uhttps://fll.law.cu.edu.eg/fulltext/bks/B10-08574.pdf |
| 905 |
_a54 _eYara |
||
| 942 |
_2ddc _cBK _e21 _n0 |
||
| 999 |
_c64224 _d64224 |
||